| 000 | 00495nam a2200169Ia 4500 | ||
|---|---|---|---|
| 999 |
_c20461 _d20461 |
||
| 003 | OSt | ||
| 005 | 20211122115121.0 | ||
| 008 | 190216s9999||||xx |||||||||||||| ||und|| | ||
| 040 | _coclc | ||
| 082 |
_a930.1 _bRAM/P |
||
| 100 |
_aRaman, K V _94247 |
||
| 245 | 0 |
_aPrinciples And Methods Of Archaeology / _cK V Raman |
|
| 260 |
_bParthajan Publications, _c1986. _aChennai: |
||
| 300 | _a203p | ||
| 650 | _aIndian Archaeology | ||
| 942 |
_cBK _2ddc _h930.1 _iRAM/P _k930.1 _mRAM/P |
||